| 000 | 00535nam a22001937a 4500 | ||
|---|---|---|---|
| 003 | MPLRDC | ||
| 005 | 20220104123902.0 | ||
| 008 | 210129b ||||| |||| 00| 0 eng d | ||
| 020 | _a957-33-1707-9 | ||
| 082 | _a857.62 LSXR-2 | ||
| 100 | _a绫辻行人 | ||
| 245 |
_a魔女狩猎游戏 _c林达中 译 |
||
| 250 | _a初版 | ||
| 260 |
_a台湾 _b皇冠文化出版有限公司 _c2000 |
||
| 300 | _b2313 | ||
| 490 | _a皇冠丛书: 第3010种; 绫辻行人推理小说: 8 | ||
| 650 | _a推理小说 | ||
| 942 |
_cBK _o857.62 LSXR-2 |
||
| 999 |
_c14961 _d14951 |
||